Asia Maior

Đã lưu trong:
Chi tiết về thư mục
Định dạng: Điện tử Số seri
Ngôn ngữ:Tiếng không xác định
Những chủ đề:
Truy cập trực tuyến:Full text available from Political Science Database: 01/01/2010 to present
Full text available from Social Science Database: 01/01/2010 to present
Các nhãn: Thêm thẻ
Không có thẻ, Là người đầu tiên thẻ bản ghi này!

MARC

LEADER 00000nas a2200000Ia 4500
001 ssj0002891239
003 WaSeSS
005 20230917042210.0
006 m d
007 cr n
008 230908c99999999xx |||||s|||||| ||und||
022 |y 2385-2526 
035 |a (WaSeSS)ssj0002891239 
040 |d WaSeSS 
245 0 0 |a Asia Maior  |h [electronic resource] 
506 |a License restrictions may limit access. 
655 0 |a Electronic journals. 
856 4 0 |z Full text available from Political Science Database: 01/01/2010 to present  |u https://wwwproquest.unach.elogim.com/intermediateredirectforezproxy 
856 4 0 |z Full text available from Social Science Database: 01/01/2010 to present  |u https://wwwproquest.unach.elogim.com/intermediateredirectforezproxy